000 00449nam a2200145 i 4500
001 bg
245 0 _aĆwiczenia z metody elementów skończonych z zastosowaniem podsystemu FEASKAM :
_bpraca zbiorowa /
_cpod kier. Z. Kacprzyka.
260 _aWarszawa,
_c1990.
700 1 _aKacprzyk, Zbigniew.
_eRed.
040 _cBPK
041 _apol
080 _a681.322.06:624:539.3/.6](075.8)(076)
942 _cKS
008 s pl f |000 0 pol
999 _c5549
_d5549
856 _uhttp://koha.tu.koszalin.pl/cgi-bin/koha/opac-detail.pl?biblionumber=5549
_yKatalog online BPK